[Event "September TNT"]
[Site "Winnipeg CAN"]
[Date "2010.09.07"]
[Round "2"]
[White "Lipnowski, Samuel"]
[Black "Pottinger, Carl"]
[Result "1-0"]
[WhiteElo "2244"]
[BlackElo "1766"]
[PlyCount "77"]
[EventDate "2010.09.07"]
[EventType "swiss"]
[EventRounds "4"]
[EventCountry "CAN"]

1. e4 c5 2. Nf3 d6 3. d4 cxd4 4. Nxd4 Nf6 5. Nc3 g6 6. Be3 Bg7 7. f3 O-O 8. Qd2
Nc6 9. O-O-O d5 10. exd5 Nxd5 11. Nxc6 bxc6 12. Bd4 Bxd4 13. Qxd4 Qb6 14. Na4
Qxd4 15. Rxd4 e5 16. Rd2 Be6 17. Nc5 Rfe8 18. Nxe6 Rxe6 19. Bc4 Rd6 20. Rhd1
Rad8 21. Bb3 R6d7 22. Ba4 Nb6 23. Rxd7 Rxd7 24. Rxd7 Nxd7 25. Bxc6 Nf8 26. Bd5
Kg7 27. Kd2 f5 28. b4 Kf6 29. c4 Ke7 30. c5 Nd7 31. Kc3 Kd8 32. Kc4 Nf6 33. Ba8
Kc7 34. a4 g5 35. b5 h5 36. a5 g4 37. b6+ axb6 38. cxb6+ Kb8 39. Bc6 1-0

[Event "September TNT"]
[Site "Winnipeg CAN"]
[Date "2010.09.07"]
[Round "2"]
[White "Melamedoff, Gustavo"]
[Black "Magnusson, Saul"]
[Result "1-0"]
[WhiteElo "2002"]
[BlackElo "1798"]
[PlyCount "65"]
[EventDate "2010.09.07"]
[EventType "swiss"]
[EventRounds "4"]
[EventCountry "CAN"]

1. Nf3 Nf6 2. c4 e6 3. g3 d5 4. b3 c6 5. Bg2 Be7 6. O-O Nbd7 7. Bb2 Qb6 8. d3
Qc7 9. Nbd2 O-O 10. Rc1 Re8 11. Nd4 a6 12. cxd5 exd5 13. e4 dxe4 14. dxe4 Nf8
15. Qc2 Ne6 16. Nf5 Bc5 17. e5 Ng4 18. Ne4 Ba7 19. Ned6 Rf8 20. h3 Nxf2 21.
Rxf2 g6 22. Nh6+ Kg7 23. Ng4 h5 24. Nf6 Qe7 25. Nxh5+ Kh8 26. Nf6 Ng5 27. Qd2
Bxf2+ 28. Kxf2 Nxh3+ 29. Bxh3 Kg7 30. Bxc8 Rh8 31. Qg5 Rh2+ 32. Kg1 Qd8 33.
Nh5+ 1-0

[Event "September TNT"]
[Site "Winnipeg CAN"]
[Date "2010.09.14"]
[Round "2"]
[White "Rutter, Blair"]
[Black "Kaptsan, Aron"]
[Result "1-0"]
[WhiteElo "1882"]
[BlackElo "2031"]
[PlyCount "134"]
[EventDate "2010.09.07"]
[EventType "swiss"]
[EventRounds "4"]
[EventCountry "CAN"]

1. c4 Nf6 2. g3 c6 3. Bg2 d5 4. Nc3 d4 5. Ne4 Nxe4 6. Bxe4 e5 7. Qc2 g6 8. d3
Bg7 9. Bg2 O-O 10. b4 Nd7 11. Rb1 Nf6 12. b5 cxb5 13. Rxb5 Qc7 14. Nf3 Re8 15.
Nxe5 Rxe5 16. Bf4 Nd7 17. O-O g5 18. Bxe5 Nxe5 19. Rfb1 a6 20. Rb6 Rb8 21. Qb3
Nd7 22. Rb4 Bf8 23. c5 Bxc5 24. Rc1 Qd6 25. Rbc4 b6 26. R4c2 Bb7 27. f3 a5 28.
Bh3 Bd5 29. Qb5 Ne5 30. Bg2 Bc6 31. Qb3 Re8 32. Rf1 Ng6 33. Qb2 Re3 34. Qb3 Kg7
35. Qc4 Bd5 36. Qa6 Qe6 37. Rf2 Bxa2 38. f4 gxf4 39. gxf4 f5 40. Qb7+ Qf7 41.
Rxa2 Qxb7 42. Bxb7 Bd6 43. Rb2 Bc7 44. Rf3 Re7 45. Bc8 Kf6 46. Kf1 Re8 47. Bd7
Rd8 48. Bc6 Nxf4 49. Rb5 Rd6 50. Rxf4 Rxc6 51. Rfxf5+ Kg6 52. Rg5+ Kf6 53. Rh5
Rc1+ 54. Kf2 Kg6 55. Rbg5+ Kf6 56. Rg8 Kf7 57. Rg4 a4 58. Rxd4 a3 59. Rxh7+ Ke6
60. Ra4 Bd6 61. h4 Bc5+ 62. d4 Be7 63. e4 Rc2+ 64. Kf3 a2 65. Rh6+ Kf7 66. Rxb6
Rc3+ 67. Kg4 Ba3 1-0

[Event "September TNT"]
[Site "Winnipeg CAN"]
[Date "2010.09.07"]
[Round "2"]
[White "Trueman, Francis"]
[Black "Oberton, Daniel"]
[Result "0-1"]
[WhiteElo "1541"]
[BlackElo "1993"]
[PlyCount "60"]
[EventDate "2010.09.07"]
[EventType "swiss"]
[EventRounds "4"]
[EventCountry "CAN"]

1. Nf3 g6 2. d3 Bg7 3. g3 c5 4. Bg2 Nf6 5. O-O Nc6 6. Nbd2 Rb8 7. e4 d6 8. c3
O-O 9. Re1 Qc7 10. Nf1 b5 11. Qe2 b4 12. Bd2 a5 13. Rac1 bxc3 14. bxc3 Rb2 15.
Ra1 Be6 16. Ne3 Rxa2 17. Rxa2 Bxa2 18. d4 Nxe4 19. Ra1 Nxd2 20. Nxd2 cxd4 21.
Rxa2 dxe3 22. Qxe3 e6 23. c4 Ne5 24. Ra4 Rc8 25. h3 Qc5 26. Qe2 Nc6 27. Nb3 Nd4
28. Nxd4 Bxd4 29. Qa2 Bc3 30. Qc2 Bb4 0-1

[Event "September TNT"]
[Site "Winnipeg CAN"]
[Date "2010.09.14"]
[Round "2.4"]
[White "Li, Henry"]
[Black "Ott, Richard"]
[Result "0-1"]
[WhiteElo "1382"]
[BlackElo "1694"]
[PlyCount "90"]
[EventDate "2010.09.07"]
[EventType "swiss"]
[EventRounds "4"]
[EventCountry "CAN"]

1. e4 d5 2. exd5 Nf6 3. Nc3 c6 4. dxc6 Nxc6 5. Nf3 Bg4 6. Bb5 a6 7. Bxc6+ bxc6
8. h3 Bh5 9. d3 Qc7 10. Be3 e6 11. d4 Be7 12. Qe2 O-O 13. g4 Bg6 14. Ne5 Be4
15. f3 Bd5 16. Nxd5 Nxd5 17. c3 Nxe3 18. Qxe3 Bh4+ 19. Ke2 f6 20. Nd3 e5 21.
dxe5 fxe5 22. Qe4 Qb6 23. b4 Rad8 24. Rhf1 Bg5 25. a4 c5 26. Kd1 cxb4 27. cxb4
Qe6 28. Kc2 Rd4 29. Qe2 Qc4+ 30. Kb2 Rxd3 31. Qxd3 Qxd3 32. Rfc1 Bxc1+ 33. Rxc1
Qd2+ 34. Rc2 Qxb4+ 35. Kc1 Rb8 36. Kd1 Rd8+ 37. Ke2 Qxa4 38. Rd2 Qc4+ 39. Kd1
Rc8 40. Ke1 a5 41. h4 Qf4 42. Rf2 Rc1+ 43. Ke2 Qc4+ 44. Kd2 Qc3+ 45. Ke2 Re1#
0-1

[Event "September TNT"]
[Site "Winnipeg CAN"]
[Date "2010.09.07"]
[Round "2.4"]
[White "Reimer, Bruce"]
[Black "Czypinski, Jaroslaw"]
[Result "0-1"]
[WhiteElo "1600"]
[BlackElo "1905"]
[PlyCount "58"]
[EventDate "2010.09.07"]
[EventType "swiss"]
[EventRounds "4"]
[EventCountry "CAN"]

1. c4 Nf6 2. g3 e6 3. Bg2 d5 4. cxd5 exd5 5. d4 Bb4+ 6. Bd2 Bxd2+ 7. Nxd2 Nc6
8. Nb3 O-O 9. Nf3 Bg4 10. O-O Ne4 11. Nfd2 Nxd2 12. Qxd2 Re8 13. e3 h5 14. f3
Be6 15. e4 dxe4 16. fxe4 Bxb3 17. axb3 Qxd4+ 18. Qxd4 Nxd4 19. Rad1 Rad8 20. b4
c6 21. Rde1 Nc2 22. Re2 Nxb4 23. e5 Nd3 24. Bh3 Nxe5 25. Ref2 Rd6 26. Bf5 Red8
27. Bc2 Rd2 28. Rxd2 Rxd2 29. Rf2 Nf3+ 0-1

[Event "September TNT"]
[Site "Winnipeg CAN"]
[Date "2010.09.21"]
[Round "3"]
[White "Evans, Brian"]
[Black "Trueman, Francis"]
[Result "0-1"]
[WhiteElo "1581"]
[BlackElo "1541"]
[PlyCount "100"]
[EventDate "2010.09.07"]
[EventType "swiss"]
[EventRounds "4"]
[EventCountry "CAN"]

1. e4 d6 2. Nf3 Nf6 3. Nc3 g6 4. d4 Bg7 5. Bg5 O-O 6. e5 dxe5 7. dxe5 Qxd1+ 8.
Rxd1 Ng4 9. Bxe7 Re8 10. Rd8 Rxd8 11. Bxd8 c6 12. Bc7 Nd7 13. Bc4 Ndxe5 14.
Nxe5 Nxe5 15. Be2 Bf5 16. f4 Ng4 17. Bxg4 Bxg4 18. O-O Bf5 19. Rc1 Re8 20. Be5
Bxe5 21. fxe5 Rxe5 22. Kf2 Re7 23. Nd1 Be6 24. Ne3 Kg7 25. b3 f5 26. g3 Kf6 27.
Re1 g5 28. Kf3 Kg6 29. Ng2 Bd5+ 30. Kf2 Rxe1 31. Nxe1 g4 32. Ke3 Kg5 33. Nd3
Be4 34. Ne1 b5 35. b4 a6 36. Nd3 h5 37. Ne1 Bd5 38. a3 Be4 39. c3 Bd5 40. Nd3
Be6 41. Ne5 f4+ 42. gxf4+ Kh4 43. Kf2 Kh3 44. Kg1 h4 45. Nxc6 g3 46. hxg3 Kxg3
47. Ne7 Bg4 48. Ng6 h3 49. Ne5 h2+ 50. Kh1 Bh3 0-1

[Event "September TNT"]
[Site "Winnipeg CAN"]
[Date "2010.09.21"]
[Round "3"]
[White "Greenberg, Harley"]
[Black "Villeneuve, Justin"]
[Result "1-0"]
[WhiteElo "1732"]
[BlackElo "1277"]
[PlyCount "67"]
[EventDate "2010.09.07"]
[EventType "swiss"]
[EventRounds "4"]
[EventCountry "CAN"]

1. d4 d5 2. c4 e6 3. Nf3 Nc6 4. Nc3 Nf6 5. e3 Bb4 6. a3 Bxc3+ 7. bxc3 Ne4 8.
Bd3 O-O 9. Bxe4 dxe4 10. Nd2 f5 11. O-O Qe7 12. Qe2 b6 13. a4 Bb7 14. Ba3 Qf7
15. Bxf8 Rxf8 16. f3 exf3 17. Nxf3 Qf6 18. Rad1 Rd8 19. e4 f4 20. e5 Qf5 21. d5
exd5 22. cxd5 Ne7 23. d6 cxd6 24. Qc4+ Kf8 25. exd6 Nd5 26. Nd4 Qg4 27. Rde1
Rxd6 28. Nf3 Rh6 29. Qd4 Qh5 30. Re5 Qg4 31. Rxd5 Bxd5 32. Qxd5 Rh5 33. Ne5
Rxe5 34. Qxe5 1-0

[Event "September TNT"]
[Site "Winnipeg CAN"]
[Date "2010.09.21"]
[Round "3"]
[White "Joven, Perfecto"]
[Black "Kernetsky, Myron"]
[Result "1-0"]
[WhiteElo "1963"]
[BlackElo "1989"]
[PlyCount "62"]
[EventDate "2010.09.07"]
[EventType "swiss"]
[EventRounds "4"]
[EventCountry "CAN"]

1. d4 Nf6 2. c4 e6 3. g3 Bb4+ 4. Bd2 Be7 5. Bg2 d5 6. Nf3 O-O 7. O-O dxc4 8.
Qc2 a6 9. Qxc4 b5 10. Qc2 Bb7 11. Bf4 Bd6 12. Nbd2 Nbd7 13. Ne5 Bxg2 14. Kxg2
Qc8 15. Kg1 Qb7 16. Rac1 Rac8 17. Nc6 Rfe8 18. a3 Nd5 19. Bxd6 cxd6 20. Ne4 Qb6
21. Nxd6 Ra8 22. e4 N5f6 23. Rfd1 h6 24. b4 Kh8 25. Rd3 g6 26. Rf3 Kg7 27. Rc3
Qc7 28. e5 Nd5 29. Rf3 f6 30. Qb2 Qb6 31. Na5 fxe5 1-0

[Event "September TNT"]
[Site "Winnipeg CAN"]
[Date "2010.09.21"]
[Round "3"]
[White "Kaptsan, Aron"]
[Black "Ott, Richard"]
[Result "1-0"]
[WhiteElo "2031"]
[BlackElo "1694"]
[PlyCount "37"]
[EventDate "2010.09.07"]
[EventType "swiss"]
[EventRounds "4"]
[EventCountry "CAN"]

1. d4 d5 2. c4 e5 3. dxe5 d4 4. g3 Be6 5. Bg2 Nc6 6. Nf3 Bxc4 7. Nbd2 Ba6 8.
O-O Qd7 9. a3 O-O-O 10. b4 d3 11. exd3 Qxd3 12. Bb2 Be7 13. Re1 h5 14. Bf1 Qf5
15. b5 Bxb5 16. Bxb5 Na5 17. Qa4 b6 18. Qe4 Qh3 19. Qa8# 1-0

[Event "September TNT"]
[Site "Winnipeg CAN"]
[Date "2010.09.21"]
[Round "3"]
[White "Pottinger, Carl"]
[Black "Reimer, Bruce"]
[Result "1-0"]
[WhiteElo "1766"]
[BlackElo "1600"]
[PlyCount "75"]
[EventDate "2010.09.07"]
[EventType "swiss"]
[EventRounds "4"]
[EventCountry "CAN"]

1. c4 e5 2. g3 Nc6 3. Bg2 f5 4. e3 Nf6 5. Ne2 Be7 6. Nbc3 O-O 7. O-O Nb4 8. d4
e4 9. d5 Nd3 10. Nf4 Nxf4 11. exf4 Ng4 12. h3 Nf6 13. Kh2 Qe8 14. f3 exf3 15.
Qxf3 Qg6 16. Be3 h5 17. Nb5 d6 18. Nxc7 Bd7 19. Nxa8 Rxa8 20. Bd4 Ne4 21. Rfe1
Re8 22. Rxe4 fxe4 23. Qxe4 Bf5 24. Qf3 Bd8 25. Qf2 h4 26. Bf3 hxg3+ 27. Qxg3
Qh6 28. Rg1 g6 29. Bg4 Bh4 30. Qf3 Bxg4 31. Rxg4 Kh7 32. Bxa7 Ra8 33. Qe3 Rf8
34. c5 Rf7 35. cxd6 g5 36. Qe4+ Kg8 37. Qe8+ Rf8 38. Qe6+ 1-0

[Event "September TNT"]
[Site "Winnipeg CAN"]
[Date "2010.09.21"]
[Round "3"]
[White "Rutter, Blair"]
[Black "Lipnowski, Samuel"]
[Result "0-1"]
[WhiteElo "1882"]
[BlackElo "2244"]
[PlyCount "68"]
[EventDate "2010.09.07"]
[EventType "swiss"]
[EventRounds "4"]
[EventCountry "CAN"]

1. c4 e6 2. g3 d5 3. Bg2 Nf6 4. Nc3 Be7 5. d4 O-O 6. e3 c6 7. Bd2 dxc4 8. Nf3
Nbd7 9. Qe2 b5 10. O-O Bb7 11. Rad1 Qb6 12. Bc1 c5 13. dxc5 Nxc5 14. Nd4 Bxg2
15. Kxg2 a6 16. f3 Qb7 17. e4 g6 18. Be3 Rfd8 19. Qc2 Rac8 20. Qf2 e5 21. Nc2
Nd3 22. Rxd3 cxd3 23. Ne1 b4 24. Nb1 Qb5 25. Nd2 Bc5 26. h3 Bxe3 27. Qxe3 Qc5
28. Qg5 Kg7 29. f4 Qe3 30. Nef3 Rc2 31. Rf2 Qxf2+ 32. Kxf2 Nxe4+ 33. Ke3 Nxg5
34. fxg5 Rxb2 0-1

[Event "September TNT"]
[Site "Winnipeg CAN"]
[Date "2010.09.21"]
[Round "3.4"]
[White "Oberton, Daniel"]
[Black "Milord, Frank"]
[Result "1-0"]
[WhiteElo "1993"]
[BlackElo "1695"]
[PlyCount "73"]
[EventDate "2010.09.07"]
[EventType "swiss"]
[EventRounds "4"]
[EventCountry "CAN"]

1. e4 c5 2. Nf3 Nc6 3. d4 cxd4 4. Nxd4 Nf6 5. Nc3 e5 6. Ndb5 d6 7. Bg5 a6 8.
Na3 b5 9. Nd5 Be7 10. Bxf6 Bxf6 11. Be2 O-O 12. O-O Bg5 13. c4 Rb8 14. cxb5 Nd4
15. b6 Bb7 16. Nc4 Bxd5 17. exd5 f5 18. a4 Nxe2+ 19. Qxe2 f4 20. f3 Qc8 21. b4
Be7 22. Rfc1 Qb7 23. Qd3 Rbc8 24. a5 Ra8 25. Rc2 Rac8 26. Rac1 Qd7 27. Nd2 Rxc2
28. Qxc2 Qb5 29. Qc4 Qa4 30. Ne4 Qa3 31. Nf2 Qe3 32. Qc3 Qxc3 33. Rxc3 Rb8 34.
Ne4 Kf8 35. Rc6 Rd8 36. b7 Ke8 37. Rc8 1-0

[Event "September TNT"]
[Site "Winnipeg CAN"]
[Date "2010.09.28"]
[Round "4"]
[White "Boron, Anthony"]
[Black "Czypinski, Jaroslaw"]
[Result "0-1"]
[WhiteElo "2000"]
[BlackElo "1905"]
[PlyCount "98"]
[EventDate "2010.09.07"]
[EventType "swiss"]
[EventRounds "4"]
[EventCountry "CAN"]

1. d4 Nf6 2. Nf3 d5 3. c4 e6 4. Bg5 Be7 5. Nc3 O-O 6. e3 b6 7. cxd5 Nxd5 8.
Nxd5 exd5 9. Bxe7 Qxe7 10. Bd3 Qb4+ 11. Qd2 Qxd2+ 12. Kxd2 Ba6 13. Rac1 Bxd3
14. Kxd3 Na6 15. a3 c5 16. Ne5 c4+ 17. Ke2 Rac8 18. Rhd1 f6 19. Nf3 b5 20. Ne1
Nc7 21. Nc2 a5 22. f3 Rfe8 23. Kf2 f5 24. h3 Ne6 25. g3 Kf7 26. Kg2 Nc7 27. Rf1
Na6 28. g4 b4 29. e4 f4 30. exd5 Re2+ 31. Rf2 Rce8 32. Kf1 Rxf2+ 33. Kxf2 c3
34. axb4 Rc8 35. b3 Nxb4 36. Nxb4 axb4 37. Ke2 Ke7 38. Kd3 Kd6 39. Ra1 Kxd5 40.
Ra5+ Kc6 41. Kc2 Re8 42. Rc5+ Kb6 43. Kd3 Re7 44. Kc4 Rc7 45. Kd3 Rxc5 46.
dxc5+ Kxc5 47. h4 Kd5 48. h5 g6 49. h6 Ke5 0-1

[Event "September TNT"]
[Site "Winnipeg CAN"]
[Date "2010.09.28"]
[Round "4"]
[White "Lipnowski, Samuel"]
[Black "Kaptsan, Aron"]
[Result "1/2-1/2"]
[WhiteElo "2244"]
[BlackElo "2031"]
[PlyCount "109"]
[EventDate "2010.09.07"]
[EventType "swiss"]
[EventRounds "4"]
[EventCountry "CAN"]

1. e4 e5 2. Nf3 Nc6 3. Bb5 a6 4. Ba4 Nf6 5. O-O Be7 6. Re1 b5 7. Bb3 d6 8. c3
O-O 9. h3 Nb8 10. d4 Nbd7 11. Nbd2 Bb7 12. Bc2 Re8 13. a4 Bf8 14. Bd3 c6 15.
Nf1 Qc7 16. Ng3 g6 17. Nh2 bxa4 18. Rxa4 d5 19. exd5 Nb6 20. Ra1 exd4 21. Rxe8
Rxe8 22. cxd4 Nbxd5 23. Nf3 c5 24. Bf1 cxd4 25. Nxd4 Bc5 26. Nge2 Qb6 27. Kh1
Ne4 28. Qa4 Nxf2+ 29. Kg1 Re4 30. Kxf2 Bc6 31. Qxa6 Bxd4+ 32. Nxd4 Qxd4+ 33.
Kg3 Qe5+ 34. Kf2 Qf6+ 35. Kg1 Nb4 36. Qb6 Re1 37. Qb8+ Be8 38. Bf4 Re4 39. Bg3
Qxb2 40. Re1 Qd4+ 41. Bf2 Qd5 42. Rxe4 Qxe4 43. Qd6 Nc6 44. Bc5 Kg7 45. Qf8+
Kf6 46. Qh8+ Kg5 47. Qxh7 Nd4 48. Bf8 Qe3+ 49. Kh1 Qe1 50. Qh6+ Kf5 51. g4+ Ke6
52. Qf4 Bc6+ 53. Kh2 Nf3+ 54. Kg2 Ne5+ 55. Kh2 1/2-1/2

[Event "September TNT"]
[Site "Winnipeg CAN"]
[Date "2010.09.28"]
[Round "4"]
[White "Milord, Frank"]
[Black "Reimer, Bruce"]
[Result "1-0"]
[WhiteElo "1695"]
[BlackElo "1600"]
[PlyCount "33"]
[EventDate "2010.09.07"]
[EventType "swiss"]
[EventRounds "4"]
[EventCountry "CAN"]

1. d4 Nf6 2. Nf3 e6 3. c4 b6 4. Nc3 Bb7 5. a3 Be7 6. Qc2 d5 7. cxd5 exd5 8. Bf4
Ba6 9. Qa4+ Nfd7 10. Nxd5 Bd6 11. Bxd6 cxd6 12. Rc1 b5 13. Qb4 O-O 14. Nc7 Nc6
15. Rxc6 Bb7 16. Rc3 Rc8 17. Qxd6 1-0

[Event "September TNT"]
[Site "Winnipeg CAN"]
[Date "2010.09.28"]
[Round "4"]
[White "Ott, Richard"]
[Black "Trueman, Francis"]
[Result "1/2-1/2"]
[WhiteElo "1694"]
[BlackElo "1541"]
[PlyCount "58"]
[EventDate "2010.09.07"]
[EventType "swiss"]
[EventRounds "4"]
[EventCountry "CAN"]

1. d4 Nf6 2. Nf3 d6 3. Bf4 g6 4. e3 Bg7 5. h3 O-O 6. Be2 Nbd7 7. O-O c6 8. c4
Qc7 9. Nc3 e5 10. Bh2 Ne8 11. Re1 f5 12. Ng5 Ndf6 13. dxe5 dxe5 14. Qb3 Kh8 15.
Rad1 h6 16. Nf3 Be6 17. Qc2 Nd7 18. Nh4 Bf7 19. g4 Nd6 20. gxf5 gxf5 21. Nxf5
Nxf5 22. Qxf5 Rad8 23. Bd3 Bg8 24. Qh5 Bf7 25. Qf5 Bg8 26. Qh5 Bf7 27. Qf5 Bg8
28. Qh5 Bf7 29. Qf5 Bg8 1/2-1/2

[Event "September TNT"]
[Site "Winnipeg CAN"]
[Date "2010.09.28"]
[Round "4"]
[White "Villeneuve, Justin"]
[Black "Evans, Brian"]
[Result "0-1"]
[WhiteElo "1277"]
[BlackElo "1581"]
[PlyCount "82"]
[EventDate "2010.09.07"]
[EventType "swiss"]
[EventRounds "4"]
[EventCountry "CAN"]

1. e4 c5 2. Nf3 d6 3. d4 cxd4 4. Nxd4 Nf6 5. Nc3 a6 6. Bd3 e6 7. O-O Be7 8. Bg5
O-O 9. Qd2 b5 10. Rfe1 Bb7 11. Rad1 b4 12. Nce2 a5 13. Ng3 Nc6 14. Nxc6 Bxc6
15. e5 Ne8 16. Bxe7 Qxe7 17. exd6 Nxd6 18. Ne4 Nxe4 19. Bxe4 Bxe4 20. Rxe4 e5
21. h3 Rfd8 22. Qe2 Rxd1+ 23. Qxd1 Rd8 24. Qe2 f6 25. c3 bxc3 26. bxc3 Qc5 27.
c4 Rd4 28. Rxd4 Qxd4 29. Qc2 Qc5 30. g3 g6 31. Kg2 Qc6+ 32. Kg1 a4 33. c5 Kg7
34. f4 exf4 35. gxf4 Kf7 36. Kf2 Ke6 37. Qc4+ Qd5 38. Qxa4 Qxc5+ 39. Kg3 Qe3+
40. Kg4 h5+ 41. Kh4 Qf2# 0-1

[Event "Sherbrooke op"]
[Site "Sherbrooke CAN"]
[Date "2010.05.28"]
[Round "1"]
[White "Hudon, Paul"]
[Black "Cote-Lalumiere, Tristan"]
[Result "1-0"]
[WhiteElo "1926"]
[BlackElo "1705"]
[PlyCount "79"]
[EventDate "2010.05.28"]
[EventType "swiss"]
[EventRounds "5"]
[EventCountry "CAN"]

1. e4 c5 2. Nf3 d6 3. d4 cxd4 4. Nxd4 Nf6 5. Nc3 g6 6. Bc4 Bg7 7. h3 Nc6 8.
Nxc6 bxc6 9. e5 Ng8 10. Qf3 Bxe5 11. Bxf7+ Kd7 12. Bf4 Qa5 13. O-O Nf6 14. b4
Qxb4 15. Bxe5 dxe5 16. Rfd1+ Kc7 17. Qe3 Qa5 18. Nd5+ cxd5 19. Qxe5+ Kc6 20.
Qxe7 Qd8 21. Qe5 Bb7 22. c4 Qd6 23. cxd5+ Kd7 24. Be6+ Ke7 25. Qg5 Rhf8 26.
Rab1 Rab8 27. Qe3 Kd8 28. Qxa7 Ne4 29. Rxb7 Rxb7 30. Qxb7 Rxf2 31. Rd3 Rc2 32.
Qa8+ Ke7 33. Qa7+ Kd8 34. Qe3 Qb4 35. d6 Nxd6 36. Qg5+ Ke8 37. Qe5 Qb6+ 38. Kh2
Qf2 39. Bb3+ Kf8 40. Qxd6+ 1-0

[Event "Sherbrooke op"]
[Site "Sherbrooke CAN"]
[Date "2010.05.28"]
[Round "1"]
[White "Larochelle, Martial"]
[Black "Pilotte, Benoit"]
[Result "1-0"]
[WhiteElo "2198"]
[BlackElo "1752"]
[PlyCount "103"]
[EventDate "2010.05.28"]
[EventType "swiss"]
[EventRounds "5"]
[EventCountry "CAN"]

1. e4 g6 2. d4 Bg7 3. Nc3 Nh6 4. f4 c6 5. Be2 f6 6. Nf3 b5 7. O-O Qa5 8. a4 b4
9. Na2 Ba6 10. Bd2 c5 11. c3 Bxe2 12. Qxe2 bxc3 13. Nxc3 cxd4 14. Nd5 Qd8 15.
Nxd4 e6 16. Ne3 O-O 17. Nb5 Qb6 18. Kh1 Nc6 19. Qd3 a6 20. Nc4 Qc5 21. Be3 Qe7
22. Nbd6 Rfb8 23. Nb6 Bf8 24. Rfd1 f5 25. Nxa8 Rxa8 26. e5 Rb8 27. Qd2 Nb4 28.
Qe2 Nd5 29. Rxd5 exd5 30. Bc5 Qe6 31. b4 Bxd6 32. Bxd6 Rb6 33. Qd2 Rc6 34. b5
axb5 35. axb5 Rc8 36. b6 Nf7 37. b7 Nxd6 38. exd6 Rb8 39. Ra8 Qxd6 40. Rxb8+
Qxb8 41. Qxd5+ Kf8 42. Qb5 Kf7 43. Qxd7+ Kf6 44. Qc6+ Kg7 45. Qc3+ Kh6 46. Qb4
Qd8 47. Qb1 Qb8 48. h3 Kh5 49. Qb4 Kh6 50. Kg1 Kg7 51. Qc3+ Kf7 52. Qc8 1-0

[Event "Sherbrooke op"]
[Site "Sherbrooke CAN"]
[Date "2010.05.28"]
[Round "1"]
[White "Lemelin, Marc"]
[Black "Turcotte, Jonathan"]
[Result "0-1"]
[WhiteElo "1702"]
[BlackElo "1890"]
[PlyCount "84"]
[EventDate "2010.05.28"]
[EventType "swiss"]
[EventRounds "5"]
[EventCountry "CAN"]

1. d4 d5 2. c4 c6 3. Nf3 Nf6 4. cxd5 cxd5 5. Nc3 Nc6 6. e3 Bf5 7. Bd3 Bxd3 8.
Qxd3 e6 9. O-O Bd6 10. e4 dxe4 11. Nxe4 Nxe4 12. Qxe4 O-O 13. Be3 Qf6 14. d5
exd5 15. Qxd5 h6 16. Qb5 Ne5 17. Nxe5 Qxe5 18. Qxe5 Bxe5 19. Rab1 Rfc8 20. Rfe1
Rc2 21. Kf1 a6 22. Re2 Rac8 23. a3 Rxe2 24. Kxe2 Rc2+ 25. Kd1 Rxb2 26. Rxb2
Bxb2 27. Bc5 f5 28. Ke2 Kf7 29. f3 Ke6 30. Kd3 Kd5 31. Bf8 h5 32. h3 g6 33. g4
b5 34. Kc2 Bd4 35. Kb3 fxg4 36. fxg4 hxg4 37. hxg4 Bc5 38. Bg7 Ke4 39. a4 Kf4
40. axb5 axb5 41. Kc3 Kxg4 42. Be5 Kf5 0-1

[Event "Sherbrooke op"]
[Site "Sherbrooke CAN"]
[Date "2010.05.28"]
[Round "1"]
[White "Libersan, Thierry"]
[Black "Chesnut, Walter"]
[Result "1-0"]
[WhiteElo "2163"]
[BlackElo "1746"]
[PlyCount "91"]
[EventDate "2010.05.28"]
[EventType "swiss"]
[EventRounds "5"]
[EventCountry "CAN"]

1. e4 e5 2. Nf3 Nc6 3. Bb5 a6 4. Ba4 Nf6 5. O-O Be7 6. Re1 b5 7. Bb3 d6 8. c3
O-O 9. h3 Na5 10. Bc2 c5 11. d4 Qc7 12. Nbd2 Nc6 13. dxc5 dxc5 14. a4 Rb8 15.
axb5 axb5 16. Nf1 h6 17. Ne3 Be6 18. Nh2 Rfd8 19. Qe2 c4 20. Nhg4 Qc8 21. Qf3
Nxg4 22. hxg4 Bg5 23. Nf5 Bxc1 24. Raxc1 Bxf5 25. exf5 f6 26. Be4 Ne7 27. Red1
Qc5 28. g3 Kf8 29. Qe2 Nc6 30. Qf3 Ne7 31. Kg2 Ke8 32. g5 hxg5 33. Rh1 Kd7 34.
Rh7 Rg8 35. Rd1+ Kc7 36. Qh5 Rbf8 37. Rd2 Nc8 38. Rd5 Qb6 39. Rd2 Ne7 40. Qd1
Rd8 41. Rxd8 Rxd8 42. Qe2 Rg8 43. Qh5 Qb8 44. Qf7 Qf8 45. Rxg7 Qxf7 46. Rxf7
1-0

[Event "Sherbrooke op"]
[Site "Sherbrooke CAN"]
[Date "2010.05.28"]
[Round "1"]
[White "Masse, Hugues"]
[Black "Wu, Qiyou"]
[Result "1/2-1/2"]
[WhiteElo "2240"]
[BlackElo "1780"]
[PlyCount "101"]
[EventDate "2010.05.28"]
[EventType "swiss"]
[EventRounds "5"]
[EventCountry "CAN"]

1. d4 d5 2. c4 c6 3. Nf3 Nf6 4. Nc3 e6 5. Bg5 Be7 6. e3 Nbd7 7. Qc2 h6 8. Bh4
O-O 9. O-O-O Re8 10. Rg1 Nh7 11. Bxe7 Qxe7 12. h4 dxc4 13. Bxc4 Ndf8 14. g4 Bd7
15. g5 h5 16. Bd3 g6 17. Kb1 c5 18. dxc5 Qxc5 19. Ne4 Qxc2+ 20. Bxc2 Bc6 21.
Ne5 Bxe4 22. Bxe4 Re7 23. Rd4 Rc8 24. Rc1 Rxc1+ 25. Kxc1 Kg7 26. Ra4 a6 27. Rb4
b5 28. a4 Rc7+ 29. Kd2 f6 30. gxf6+ Nxf6 31. Bf3 N8d7 32. Nd3 Rc4 33. Rxc4 bxc4
34. Nb4 Ne5 35. Bb7 a5 36. f4 c3+ 37. Kxc3 axb4+ 38. Kxb4 Nd3+ 39. Kc3 Nc5 40.
Bc6 Nd5+ 41. Kc4 Nxa4 42. Bxa4 Nxe3+ 43. Kd4 Nf5+ 44. Ke5 Nxh4 45. Kxe6 Ng2 46.
Ke5 h4 47. Bd7 Kf7 48. b4 Ne3 49. b5 Nc4+ 50. Kd4 Nb6 51. Bc6 1/2-1/2

[Event "Sherbrooke op"]
[Site "Sherbrooke CAN"]
[Date "2010.05.28"]
[Round "1"]
[White "Wan, Kevin"]
[Black "Ah-Lan, Kenny"]
[Result "0-1"]
[WhiteElo "1362"]
[BlackElo "2008"]
[PlyCount "52"]
[EventDate "2010.05.28"]
[EventType "swiss"]
[EventRounds "5"]
[EventCountry "CAN"]

1. e4 c5 2. Nc3 Nc6 3. d3 d6 4. f4 g6 5. Nf3 Bg7 6. g3 Nf6 7. Bg2 O-O 8. O-O
Rb8 9. a4 a6 10. Bd2 b5 11. axb5 axb5 12. Nh4 Bg4 13. Nf3 Nh5 14. Rb1 Qd7 15.
Ne2 b4 16. c3 Rb7 17. d4 cxd4 18. cxd4 Nxd4 19. Nfxd4 Bxd4+ 20. Kh1 Ba7 21. e5
Qb5 22. Re1 dxe5 23. fxe5 Rd7 24. Rc1 Rfd8 25. Bc6 Qxc6+ 26. Rxc6 Bf3# 0-1

[Event "Sherbrooke op"]
[Site "Sherbrooke CAN"]
[Date "2010.05.29"]
[Round "2"]
[White "Chesnut, Walter"]
[Black "Lalumiere, Claude"]
[Result "0-1"]
[WhiteElo "1746"]
[BlackElo "1870"]
[PlyCount "114"]
[EventDate "2010.05.28"]
[EventType "swiss"]
[EventRounds "5"]
[EventCountry "CAN"]

1. e4 c5 2. Nf3 d6 3. d4 cxd4 4. Nxd4 Nf6 5. Nc3 a6 6. Bg5 e6 7. f4 Be7 8. Qf3
Qc7 9. O-O-O Nbd7 10. Bd3 h6 11. Bh4 g5 12. Bg3 gxf4 13. Bxf4 e5 14. Nf5 exf4
15. Nxe7 Kxe7 16. Qxf4 Qc5 17. Rhf1 Qg5 18. Kb1 Qxf4 19. Rxf4 Rg8 20. g3 Rg7
21. Rdf1 b5 22. a3 Bb7 23. Ne2 Rg4 24. Rxg4 Nxg4 25. Nd4 Nde5 26. Nf5+ Ke6 27.
h3 Nxd3 28. cxd3 Ne5 29. Kc2 Rh8 30. b3 Rh7 31. Kd2 h5 32. Ke3 Nc6 33. Rc1 Kd7
34. b4 f6 35. Rf1 Ne7 36. Nd4 Rh6 37. Kf4 Bc8 38. Rc1 Ng6+ 39. Ke3 Rh8 40. Rf1
Rf8 41. Rf5 h4 42. g4 Ke7 43. Rf1 Bd7 44. Nf3 Rc8 45. Kd2 Be6 46. Nd4 Ne5 47.
Ra1 Bd7 48. Nc2 Nf3+ 49. Kd1 Ng5 50. Ne3 Nxh3 51. Nd5+ Kf7 52. Kd2 Kg7 53. Rf1
Rf8 54. Ne3 Ng5 55. Rc1 h3 56. Ke2 Rc8 57. Rh1 Rc3 0-1

[Event "Sherbrooke op"]
[Site "Sherbrooke CAN"]
[Date "2010.05.29"]
[Round "2"]
[White "Germain, Benoit"]
[Black "Masse, Hugues"]
[Result "0-1"]
[WhiteElo "1718"]
[BlackElo "2240"]
[PlyCount "60"]
[EventDate "2010.05.28"]
[EventType "swiss"]
[EventRounds "5"]
[EventCountry "CAN"]

1. d4 Nf6 2. c4 g6 3. Nc3 Bg7 4. e4 d6 5. Nf3 O-O 6. Be2 e5 7. O-O Nc6 8. Be3
Ng4 9. Bg5 f6 10. Bh4 g5 11. Bg3 Nh6 12. d5 Ne7 13. Nd2 f5 14. f3 f4 15. Bf2 c5
16. h3 Nf7 17. Re1 h5 18. Nf1 Nh6 19. Nh2 Kh8 20. a3 Neg8 21. b4 b6 22. b5 Nf6
23. a4 Rg8 24. Kh1 Bf8 25. Rg1 Be7 26. Bf1 g4 27. hxg4 hxg4 28. Nxg4 Nhxg4 29.
fxg4 Nxg4 30. Qf3 Rg7 0-1